000 00602nam a2200241Ia 4500
005 20260430150349.0
008 008 250103s9999 xx 000 0 eng d
037 _aTheses
040 _aCRL
040 _beng
040 _ceng
041 _2eng
041 _aeng
084 _qCRL
100 _aBishnoi Aneeza Au.; Dass Poonam Gu.
_91237270
245 0 _aCyber Terrorism Vis –A-Vis Cyber Crimes: A Legal Analysis
260 _c2023
300 _a376p.
650 _aLaw
700 _aUniversity of Delhi. Faculty of Arts. Deptt. of Law
942 _cTH
999 _c1849609
_d1849609